000
00321nam a22001337a 4500
003
SGT
082
_a
615.8
_b
A18R
100
_a
RIEBE, DEBORAH
245
_a
ACSM'S GUIDELINE FOR EXERCISE TESTING AND PRESCRIPTION
250
_a
10TH
260
_a
PHILADELPHIA
_b
WOLTER KULWER
_c
2018
300
_a
472
942
_2
ddc
_c
BK
999
_c
13782
_d
13782